000 00898nam a22002175i 4500
001 155133
003 ES-MaACL
005 20251014063220.0
008 990429m18591861fr |||| | fre d
040 _aCCPB | B
_bspa
_cCCPB | B
100 1 _aHatin, Eugène,
_d1809-1893
_9127808
245 1 0 _aHistoire politique et littéraire de la presse en France
_b: avec une introduction historique sur les origines du journal et la Bibliographie générale des journaux depuis leur origine /
_cpar Eugène Hatin.
260 _aParis :
_bPoulet-Malassis et de Broise, libraires-éditeurs,
_c1859-1861.
300 _a8 v. ;
_c19 cm.
596 _aMarca tip. en port.
597 _aAntep.
597 _aEn última p. aparece: "Fin du huitième et dernier volume"
650 4 _aPrensa-
_zFrancia-
_vHistoria.
_9157429
852 _aES-MaACL
_jC-1224-31
_z-- Enc. hol.
999 _c155133
_d155133